Vista normal
Vista MARC
- Leal Gutiérrez, Ana Giselle
Entrada Personal Name
Número de registros utilizados en: 1
001 - CONTROL NUMBER
- control field: 53166
003 - CONTROL NUMBER IDENTIFIER
- control field: OSt
005 - DATE AND TIME OF LATEST TRANSACTION
- control field: 20190329082502.0
008 - FIXED-LENGTH DATA ELEMENTS
- fixed length control field: 190329|| aca||aabn | a|a d
040 ## - CATALOGING SOURCE
- Original cataloging agency: OSt
- Transcribing agency: OSt
100 ## - HEADING--PERSONAL NAME
- Personal name: Leal Gutiérrez, Ana Giselle
670 ## - SOURCE DATA FOUND
- Source citation: Work cat.: (OSt)7376: González Araya, María Nidia 1029, El estudiante con discapacidad: orientaciones pedagógicas para el docente, 2010